Statistics for Historical figures by picture - X-Y-Z

Click here to take the quiz!

General Stats

  • This quiz has been taken 136 times
  • The average score is 5 of 16

Answer Stats

Answer% Correct
Malcolm X
86%
Yeltsin
78%
Zappa
59%
Xavier
44%
Xerxes
36%
Yamamoto
35%
Zhukov
35%
Yeager
29%
Zoroaster
29%
Shaka Zulu
28%
Yeats
16%
Zola
12%
al-Zawahiri
8%
Zheng He
8%
Zapato
7%
Yamashita
5%

Score Distribution

Percentile by Number Answered

Percent of People with Each Score

Your Score History

You have not taken this quiz